Uplatňovanie zásad controllingu vo vybranej organizácii bakalárska práca

Gespeichert in:
Bibliographische Detailangaben
1. Verfasser: Ondisová, Andrea
Körperschaft: Národohospodárska fakulta EU. Katedra financií
Weitere Verfasser: Staríčková, Zuzana
Format: Buch
Sprache:Slowakisch
Veröffentlicht: Bratislava 2020
Tags: Tag hinzufügen
Keine Tags, Fügen Sie das erste Tag hinzu!

MARC

LEADER 00000nbm a2200000 4500
001 0265654
005 20200925132707.6
041 0 |a slo 
044 |a SK 
245 1 0 |a Uplatňovanie zásad controllingu vo vybranej organizácii  |b bakalárska práca  |c Andrea Ondisová ; školiteľ: Zuzana Staríčková 
264 1 |a Bratislava  |c 2020 
300 |a 42 s. 
100 1 |a Ondisová, Andrea 
700 1 |a Staríčková, Zuzana 
710 2 |a Národohospodárska fakulta EU. Katedra financií